Platón. Los seis grandes temas de su filosofía.

محفوظ في:
التفاصيل البيبلوغرافية
المؤلف الرئيسي: Gómez Robledo, Antonio (autor)
التنسيق: كتاب
منشور في: Ciudad de México, México: Fondo de Cultura Económica; Universidad Nacional Autónoma de México, 1974.
الطبعة:Primera edición.
الموضوعات:
الوسوم: إضافة وسم
لا توجد وسوم, كن أول من يضع وسما على هذه التسجيلة!

MARC

LEADER 00000nam a2200000 a 4500
001 UCY5876
003 CL-VaPUC
005 20220822114539.0
008 220704t1974 ||||| |||| 00| 0 eng d
999 |c 436638  |d 436636 
020 |a 968-16-1071-7 
040 |c Pontificia Universidad Católica de Valparaíso 
082 7 |a 184 GOM 1974  |2 22 
100 |a Gómez Robledo, Antonio  |e autor  |9 395063 
245 |a Platón.  |b  Los seis grandes temas de su filosofía.  
250 |a Primera edición.  
260 |a Ciudad de México, México:  |b Fondo de Cultura Económica;  |b Universidad Nacional Autónoma de México,   |c 1974. 
300 |a 623 páginas.  
500 |a c.1 Donación Familia Prof. Alejandro Guzmán Brito. 
583 |a last modification  |c 19950512 00:00:00  |k Cristina María Rojas Aguilar 
600 0 |a Platón  |9 861197  |d 427 A.C. - 347 A.C.  |x Filosofía 
942 |c BK  |2 ddc  |n 0 
952 |0 0  |1 0  |2 ddc  |4 0  |6 184_000000000000000_GOM_1974  |7 0  |8 C_AGB  |9 584317  |a BIBDER  |b BIBDER  |d 2022-07-04  |e Donación   |i 5652435  |o 184 GOM 1974  |p 5652435  |r 2023-01-25  |t 1  |w 2022-07-04  |y BK_US  |k AGB